000 00663nam a2200181Ia 4500
005 20250508155948.0
008 008 250505s9999 xx 000 0 eng d
037 _aBooks to be hide in OPAC
040 _aFEDL
_beng
_cFEDL
041 _aeng
_2eng
084 _a378.73, AME/O
_qFEDL
245 0 _aHigher education cooperates in national defense: The report of a conference of government representatives and college and University administrators, held in Washington, D.C., July 30-31, 1941
245 0 _cAMERICAN COUNCIL ON EDUCATION STUDIES
260 _c1941
300 _aix,34p.
942 _cHB
_h378.73, AME/O
999 _c1360481
_d1360481